Význam ovládania cudzích jazykov na zvýšenie konkurencieschopnosti uchádzačov na pracovnom trhu
Východiská skúmanej problematiky. Prepojenie vzdelávania s praxou - európske aktivity. Problémy prepojenia vzdelávania s praxou. Národný projekt Vysoké školy ako motory rozvoja vedomostnej spoločnosti.
Uložené v:
| Hlavný autor: | |
|---|---|
| Médium: | Kapitola |
| Jazyk: | Slovak |
| Predmet: | |
| Tagy: |
Žiadne tagy, Buďte prvý, kto otaguje tento záznam!
|
MARC
| LEADER | 00000naa$a2200000$$$4500 | ||
|---|---|---|---|
| 001 | 0183605 | ||
| 005 | 20240502073137.1 | ||
| 041 | 0 | |a slo | |
| 044 | |a SK | ||
| 245 | 1 | 0 | |a Význam ovládania cudzích jazykov na zvýšenie konkurencieschopnosti uchádzačov na pracovnom trhu |c Ladislava Ivančová |
| 520 | |a Východiská skúmanej problematiky. Prepojenie vzdelávania s praxou - európske aktivity. Problémy prepojenia vzdelávania s praxou. Národný projekt Vysoké školy ako motory rozvoja vedomostnej spoločnosti. | ||
| 610 | 2 | 0 | |a vzdelávanie ďalšie |
| 610 | 2 | 0 | |a vzdelávanie vysokoškolské |
| 610 | 2 | 0 | |a zamestnanci |
| 610 | 2 | 0 | |a zamestnávatelia |
| 610 | 2 | 0 | |a trh práce |
| 610 | 2 | 0 | |a projekty |
| 610 | 2 | 0 | |a jazyky cudzie |
| 100 | 1 | |a Ivančová, Ladislava, 1980- | |